000 00579nam a2200181Ia 4500
003 GCL
008 140319s9999 xx 000 0 ara d
020 _a4068814977
040 _aGCL /
_cGCL
082 0 4 _a814.008
_bا ا
100 1 _aانيس منصور
245 1 0 _aانتهى زمن الفرص الضائعة /
_cانيس منصور
260 _aالقاهرة :
_bدار نهضة مصر للطبع والنشر ،
_c1998
300 _a253 ص ؛
_c24 سم
650 0 4 _aالمقالات - مجموعات
650 0 4 _aالادب العربى - مصر
942 _2ddc
_cBK
999 _c1333
_d1333